Flags with animals - Statistics

General Stats
  • This quiz has been taken 109 times
    70 since last reset
  • The average score is 12 of 23
Answer Stats
Animal Country % Correct
Eagle, Snake Mexico
86%
Dragon Bhutan
74%
Eagle Albania
69%
Bird of Paradise Papua New Guinea
64%
Lion Sri Lanka
60%
Eagle Egypt
59%
Human Belize
57%
Imperial Parrot Dominica
53%
Eagle Ecuador
53%
Quetzal Guatemala
53%
Eagle, Cow Moldova
53%
Eagle Zambia
52%
Eagle Zimbabwe
52%
Llama Peru
50%
Grey Crowned Crane Uganda
50%
Llama Bolivia
43%
Great Frigatebird Kiribati
43%
Eagle Montenegro
43%
Lion Spain
43%
Eagle Serbia
40%
Cow Andorra
38%
Eagle Kazakhstan
33%
Lion Fiji
28%
No matching quizzes found
Score Distribution
Percent of People with Each Score
Percentile by Number Answered
Your Score History
You have not taken this quiz since the last reset